000 005380000a22001810004500
003 MACL
005 20160401121556.0
008 160401b xxu||||| |||| 00| 0 eng d
040 _aMACL
_cMACL
041 _aHindi
082 _a398
100 _aदेवेन्‍द्र सत्‍यार्थी
_939435
245 _aबेला फूले आधी रात
260 _bप्रवीण प्रकाशन
_c1992
_aदिल्‍ली
350 _a250
650 _aFolklore
_949536
942 _cHIN
_k398
_2ddc
999 _c21307
_d21307